000
00338nam a2200145Ia 4500
008
191201s2012 xx 000 0 und d
082
_a
658.083
_b
SHB
100
_a
SHARMA,J.K
245
0
_a
Business Statistics
250
_a
7th IMP
260
_a
N.Delhi
_b
Pearson Education
_c
2012
300
_a
732
650
_a
MBA
942
_2
ddc
_c
BK
_0
7
999
_c
5325
_d
5325